[Event "TCh-RUS Premier 2022"]
[Site "Sochi RUS"]
[Date "2022.05.10"]
[Round "7.4"]
[Board "2"]
[White "Potkin, Vladimir"]
[Black "Timofeev, Artyom"]
[Result "1/2-1/2"]
[WhiteTitle "GM"]
[BlackTitle "GM"]
[WhiteElo "2571"]
[BlackElo "2574"]
[WhiteTeam "Sportivnyy klub KPRF (g. Moskva)"]
[BlackTeam "Ladya (Respublika Tatarstan)"]
[WhiteFideId "4131061"]
[BlackFideId "4140419"]
[EventDate "2022.05.01"]

1. e4 c6 2. d4 d5 3. e5 Bf5 4. Nf3 e6 5. Be2 Ne7 6. O-O h6 7. Nbd2 Nd7 8. c3 Bh7
9. b4 Ng6 10. Nb3 Be7 11. g3 O-O 12. h4 f6 13. h5 Nh8 14. Re1 Nf7 15. Bd3 Bxd3
16. Qxd3 fxe5 17. dxe5 Qe8 18. Qg6 Nd8 19. Qxe8 Rxe8 20. Kg2 Rc8 1/2-1/2

[Event "TCh-RUS Premier 2022"]
[Site "Sochi RUS"]
[Date "2022.05.10"]
[Round "7.4"]
[Board "3"]
[White "Tsydypov, Zhamsaran"]
[Black "Dreev, Aleksey"]
[Result "1/2-1/2"]
[WhiteTitle "GM"]
[BlackTitle "GM"]
[WhiteElo "2533"]
[BlackElo "2623"]
[WhiteTeam "Ladya (Respublika Tatarstan)"]
[BlackTeam "Sportivnyy klub KPRF (g. Moskva)"]
[WhiteFideId "4108566"]
[BlackFideId "4100107"]
[EventDate "2022.05.01"]

1. e4 c6 2. d4 d5 3. Nc3 dxe4 4. Nxe4 Bf5 5. Ng3 Bg6 6. Nf3 e6 7. h4 h6 8. h5
Bh7 9. Bd3 Bxd3 10. Qxd3 Nf6 11. Bd2 Be7 12. O-O-O O-O 13. Kb1 1/2-1/2

[Event "TCh-RUS Premier 2022"]
[Site "Sochi RUS"]
[Date "2022.05.10"]
[Round "7.4"]
[Board "4"]
[White "Zvjaginsev, Vadim"]
[Black "Faizrakhmanov, Ramil"]
[Result "1-0"]
[WhiteTitle "GM"]
[BlackTitle "IM"]
[WhiteElo "2599"]
[BlackElo "2480"]
[WhiteTeam "Sportivnyy klub KPRF (g. Moskva)"]
[BlackTeam "Ladya (Respublika Tatarstan)"]
[WhiteFideId "4113403"]
[BlackFideId "24103209"]
[EventDate "2022.05.01"]

1. e4 c6 2. d4 d5 3. f3 dxe4 4. fxe4 e5 5. Nf3 Be6 6. c3 Nd7 7. Nbd2 Ngf6 8. Bc4
Bxc4 9. Nxc4 exd4 10. e5 Nd5 11. Bg5 f6 12. Nxd4 Bc5 13. exf6 N7xf6 14. Qe2+ Qe7
15. Ne6 Kd7 16. Ne5+ Kc8 17. Nxc5 Qxc5 18. O-O-O Kc7 19. Nd3 Qd6 20. Bh4 Qe7 21.
Qxe7+ Nxe7 22. Nc5 Ned5 23. Ne6+ Kb6 24. c4 Ne3 25. Rd3 Nxg2 26. Bf2+ Ka5 27.
Bc5 1-0

[Event "TCh-RUS Premier 2022"]
[Site "Sochi RUS"]
[Date "2022.05.10"]
[Round "7.4"]
[Board "5"]
[White "Hasangatin, Ramil"]
[Black "Alekseev, Evgeny"]
[Result "0-1"]
[WhiteTitle "GM"]
[BlackTitle "GM"]
[WhiteElo "2479"]
[BlackElo "2591"]
[WhiteTeam "Ladya (Respublika Tatarstan)"]
[BlackTeam "Sportivnyy klub KPRF (g. Moskva)"]
[WhiteFideId "4122160"]
[BlackFideId "4138147"]
[EventDate "2022.05.01"]

1. e4 c5 2. Nf3 Nc6 3. Bb5 e6 4. O-O Nge7 5. c3 a6 6. Ba4 b5 7. Bc2 Bb7 8. Re1
d5 9. exd5 Nxd5 10. d4 cxd4 11. Nxd4 Be7 12. Be4 Nxd4 13. Qxd4 O-O 14. Nd2 Qc7
15. Qd3 f5 16. Bf3 Rad8 17. Qf1 e5 18. g3 Bc5 19. Bg2 e4 20. Nb3 Bb6 21. Nd4
Bxd4 22. cxd4 Nb4 23. Bf4 Qf7 24. Red1 Nd3 25. Rxd3 exd3 26. Bxb7 Qxb7 27. Qxd3
Qd5 28. Be3 Rc8 29. a4 Qc4 30. Qxc4+ bxc4 31. d5 Rfd8 32. Rd1 Rb8 33. Rd2 Rb3
34. Bf4 Rd3 35. Rc2 Rc8 36. d6 Kf7 37. Re2 Re8 38. Rc2 Re4 39. Kg2 g5 40. Bxg5
Rxd6 41. Bf4 Rd3 42. a5 Ke6 43. Be3 Kd5 44. Bh6 Kc5 45. Bd2 Kb5 46. Bc3 Ka4 47.
Rc1 Kb3 48. Bg7 h5 49. Kh3 f4 50. Ra1 Re2 51. Ra3+ Kb4 0-1

[Event "TCh-RUS Premier 2022"]
[Site "Sochi RUS"]
[Date "2022.05.10"]
[Round "7.4"]
[Board "6"]
[White "Afanasiev, Nikita"]
[Black "Gaifullin, Artur"]
[Result "1-0"]
[WhiteTitle "GM"]
[BlackTitle "FM"]
[WhiteElo "2567"]
[BlackElo "2445"]
[WhiteTeam "Sportivnyy klub KPRF (g. Moskva)"]
[BlackTeam "Ladya (Respublika Tatarstan)"]
[WhiteFideId "24183555"]
[BlackFideId "24168653"]
[EventDate "2022.05.01"]

1. Nf3 d5 2. g3 Nd7 3. d4 Nb6 4. Bg2 Bf5 5. O-O e6 6. Nbd2 Be7 7. c4 c6 8. Ne5
Nf6 9. Qb3 O-O 10. Re1 Ne4 11. c5 Nd7 12. Nxe4 dxe4 13. Nc4 e5 14. e3 Be6 15.
Bxe4 b5 16. cxb6 Nxb6 17. Bd3 exd4 18. Qc2 Bxc4 19. Bxc4 Bf6 20. Bd3 g6 21. e4
Nd7 22. f4 c5 23. e5 Bg7 24. Bd2 Rc8 25. Rac1 Nb6 26. b3 f6 27. e6 Qe7 28. f5 g5
29. Ba6 Rc6 30. Bb4 Qc7 31. Bxc5 Nd5 32. e7 Re8 33. Bc4 1-0